000 00694nam a2200253Ia 4500
003 OSt
005 20221007071501.0
006 a|||||r|||| 00| 0
007 ta
008 221006b |||||||| |||| 00| 0 eng d
024 _a542
037 _cReference Collections
040 _aFLL
_cFLL
_beng
041 _2eng
_aeng
082 _aR44:Z883, J3
100 _aBoulton W. W.
_981382
245 0 _aGuide to conduct and etiquette at the bar of England and Wales
250 _a3rd
260 _aLondon
_bButterworths UK
_c1961
300 _a106p
_ccm.
650 _aLaw
942 _hR44:Z883, J3
_cREF
_2CC
999 _c1143478
_d1143478